<?xml version="1.0" encoding="UTF-8"?>
<record
    xmlns:xsi="http://www.w3.org/2001/XMLSchema-instance"
    xsi:schemaLocation="http://www.loc.gov/MARC21/slim http://www.loc.gov/standards/marcxml/schema/MARC21slim.xsd"
    xmlns="http://www.loc.gov/MARC21/slim">

  <leader>01625nam a22002297a 4500</leader>
  <controlfield tag="005">20230210152820.0</controlfield>
  <controlfield tag="008">230210b           ||||| |||| 00| 0 eng d</controlfield>
  <datafield tag="020" ind1=" " ind2=" ">
    <subfield code="a">0671708260</subfield>
  </datafield>
  <datafield tag="040" ind1=" " ind2=" ">
    <subfield code="c">AL</subfield>
  </datafield>
  <datafield tag="041" ind1=" " ind2=" ">
    <subfield code="a">eng</subfield>
  </datafield>
  <datafield tag="082" ind1=" " ind2=" ">
    <subfield code="2">23</subfield>
    <subfield code="a">158.2</subfield>
    <subfield code="b">CARH</subfield>
  </datafield>
  <datafield tag="100" ind1=" " ind2=" ">
    <subfield code="a">Dale Carnegie</subfield>
    <subfield code="9">71878</subfield>
  </datafield>
  <datafield tag="245" ind1=" " ind2=" ">
    <subfield code="a">How to enjoy your life and your job</subfield>
  </datafield>
  <datafield tag="260" ind1=" " ind2=" ">
    <subfield code="a">New York</subfield>
    <subfield code="b">Pocket Books</subfield>
    <subfield code="c">1985</subfield>
  </datafield>
  <datafield tag="300" ind1=" " ind2=" ">
    <subfield code="a">220p.</subfield>
    <subfield code="b">PB</subfield>
    <subfield code="c">17x10cm.</subfield>
  </datafield>
  <datafield tag="365" ind1=" " ind2=" ">
    <subfield code="2">Psychology</subfield>
  </datafield>
  <datafield tag="520" ind1=" " ind2=" ">
    <subfield code="a">UNCOVER YOUR HIDDEN ASSETS -- YOU CAN FILL EACH DAY WITH EXCITEMENT AND A SENSE OF SATISFACTION!
Even if you love your work, you probably have days when almost nothing goes right. Bestselling author Dale Carnegie shows you how to make every day more exciting and rewarding -- how you can get more done, and have more fun doing it. Dale Carnegie's time-tested advice will help you to:
Make other people feel important -- and do it sincerely
Avoid unnecessary tension -- save your energy for important duties
Get people to say yes -- immediately
Turn routine tasks into stimulating opportunities
Spot a sure-fire way of making enemies -- and avoid it
Smile in the face of criticism -- you've done your very best!
How to Enjoy Your Life and Your Job will help you create a new approach to life and people and discover talents you never knew you had. Dale Carnegie can help you get the most out of yourself -- all the time. Start developing your innate strengths and abilities -- start enriching your life TODAY!</subfield>
  </datafield>
  <datafield tag="650" ind1=" " ind2=" ">
    <subfield code="a">Find Yourself and Be Yourself</subfield>
    <subfield code="9">71875</subfield>
  </datafield>
  <datafield tag="650" ind1=" " ind2=" ">
    <subfield code="a">Secret of Socrates</subfield>
    <subfield code="9">71876</subfield>
  </datafield>
  <datafield tag="700" ind1=" " ind2=" ">
    <subfield code="a">CARNEGIE (Dale)</subfield>
    <subfield code="9">71877</subfield>
  </datafield>
  <datafield tag="942" ind1=" " ind2=" ">
    <subfield code="2">ddc</subfield>
    <subfield code="c">DB</subfield>
  </datafield>
  <datafield tag="999" ind1=" " ind2=" ">
    <subfield code="c">226660</subfield>
    <subfield code="d">226660</subfield>
  </datafield>
  <datafield tag="952" ind1=" " ind2=" ">
    <subfield code="0">0</subfield>
    <subfield code="1">0</subfield>
    <subfield code="2">ddc</subfield>
    <subfield code="4">0</subfield>
    <subfield code="7">0</subfield>
    <subfield code="8">PSY</subfield>
    <subfield code="a">AL</subfield>
    <subfield code="b">AL</subfield>
    <subfield code="d">2014-11-24</subfield>
    <subfield code="l">0</subfield>
    <subfield code="o">158.2 CARH</subfield>
    <subfield code="p">D05181</subfield>
    <subfield code="r">2023-02-10 00:00:00</subfield>
    <subfield code="w">2023-02-10</subfield>
    <subfield code="y">DB</subfield>
  </datafield>
</record>
